01152naa#a2200205#i#4500001001600000005001700016011001400033100004100047102000700088200019100095210016900286215001000455608004500465675018600510700005600696700007000752700005200822700005800874856001400932RU\\bibl\12033720260516203948.6##a2219-0767##a20260424b2026####ek#y0rusy0150####ca##aRU1#aМатематическая модель задачи формирования и корректировки учебных занятий в ВУЗеeЖурнальная статья1#aВоронежcВоронежский государственный лесотехнический университет имени Г.Ф. Морозоваd2026##a7 с.##aЖурнальная статья2local##aПрикладные системы искусственного интеллекта. Интеллектуальные системы, обладающие знаниями. 004.89#1aСащенкоgДмитрий Леонидович#1aОлейниковаgСветлана Александровна#1aСторожеваgДарья Игоревна#1aНедиковаgТатьяна Николаевна4#azh-szf.ru